000 01747cab a2200265 4500
001 Z7207
008 090401t1995 xxu||||| |||| 00| 0 eng d
035 _a(Sirsi) u70398
041 _aeng
245 _aBarclays Bank plc v Fairclough Building Ltd and others
260 _c1995
350 _a0
490 _aAll England Law Reports
_v[1995] 1 All ER 289-306(8)
520 _aCA 6 May 1994. B engaged F to carry out work at its premises including the cleaning of asbestos roofs. F engaged a sub-contractor to carry out the cleaning, using high pressure hoses to jet-clean the sheets, a known method of cleaning asbestos roofs which required simple precautions to prevent water entering the building, and causing contamination by asbestos fibres and dust. Neither F nor the sub-contractor took any precautions, thus breaching the Control of Asbestos at Work Regulations 1987. On completion of work it was found the premises were contaminated with asbestos dust, and required extensive remedial work costing £4m. B accused F of breaching contractual terms that the work would be carried out in an efficient manner, and comply with any statutory provisions applicable to the work. F contended that B should have taken proper precautions, and that liability, if any, should be reduced by F's contributory negligence. 'Held' appeal allowed.
650 _aASBESTOS REMOVAL
650 _aASBESTOS SHEETING
650 _aCONTRIBUTORY NEGLIGENCE
650 _aCONTROL OF ASBESTOS AT WORK REGULATIONS 1987
650 _aDUTY OF CARE
650 _aLAW REFORM (CONTRIBUTORY NEGLIGENCE) ACT 1945
650 _aBARCLAYS BANK PLC V FAIRCLOUGH BUILDING LTD
690 _aBUILDING AND CONSTRUCTION-CASE LAW
942 _n0
948 _c04/03/1997
999 _c44268
_d44268